Wörterbuch der Rechts- und Wirtschaftssprache

Saved in:
Bibliografiske detaljer
Hovedforfatter: Becher, Herbert J (Author)
Format: Bog
Sprog:tysk
spansk
Udgivet: Múnich C. H. Beck`sche 1999
Udgivelse:5a. ed
Fag:
Tags: Tilføj Tag
Ingen Tags, Vær først til at tagge denne postø!

MARC

LEADER 00000nam a2200000 a 4500
001 UCL8028
003 CL-VaPUC
008 040611e19990000GW |||||||||||||||||ger|d
020 |a 3406444423 
041 0 7 |a ger  |2 CL-VaPUC 
041 0 7 |a spa  |2 CL-VaPUC 
082 0 4 |a 340.03  |b BEC  |2 21 
100 0 |a Becher, Herbert J  |e author  |9 485943 
245 1 0 |a Wörterbuch der Rechts- und Wirtschaftssprache 
246 1 0 |a Diccionario jurídico y económico 
250 |a 5a. ed 
300 |a v 
942 |c BK 
945 |d 20040611 00:00:00  |a cmena 
260 |a Múnich  |b C. H. Beck`sche  |c 1999 
500 |a v.2: Alemán-español 
650 7 |a DERECHO  |2 CL-VaPUC  |9 485944 
650 0 |a Economía   |9 255568 
650 0 |a Diccionarios  |9 256200 
583 |a last modification  |c 20040611 00:00:00  |k Rodrigo Vera 
999 |c 309514  |d 309512 
952 |0 0  |1 0  |4 0  |6 340_030000000000000_BEC_1999  |7 0  |8 F  |9 377014  |a BIBDER  |b BIBDER  |d 2019-11-21  |h v.2  |i 4024591  |o 340.03 BEC 1999  |p 4024591  |r 2023-01-25  |w 2019-11-21  |y BK_F  |k DER